| 000 | 00386nam a2200145Ia 4500 | ||
|---|---|---|---|
| 005 | 20251222140027.0 | ||
| 008 | 251222s1900||||xx |||||||||||||| ||spa|| | ||
| 020 | _a9788495269454 | ||
| 082 | _a240/C17/Ej.2 | ||
| 100 | _aCalatayud Gascó, Rafael | ||
| 245 | 0 | _aBeso Humano y Ósculo Cristiano: | |
| 250 | _a1ra. ed. | ||
| 264 | _bFacultad de Teología San Vicente Ferrer | ||
| 942 | _cLIB | ||
| 999 |
_c2816 _d2816 |
||